Statistics for Every Song by Slipknot

Click here to take the quiz!

General Stats

  • This quiz has been taken 25 times
    (21 since last reset)
  • The average score is 37 of 119

Answer Stats

AlbumSong% Correct
Slipknot(1999)Eyeless
80%
Iowa(2001)Iowa
80%
Slipknot(1999)Wait and Bleed
80%
Vol. 3: (The Subliminal Verses)(2004)Duality
73%
Iowa(2001)People = Shit
73%
All Hope is Gone(2008)Psychosocial
73%
Slipknot(1999)(sic)
73%
All Hope is Gone(2008)All Hope is Gone
67%
Iowa(2001)(515)
60%
Slipknot(1999)Spit It Out
60%
Slipknot(Hidden)(1999)Eeyore
53%
Iowa(2001)Left Behind
53%
Mate. Feed. Kill. Repeat.(1996)Slipknot
53%
Mate. Feed. Kill. Repeat.(1996) | Slipknot(1999)Tattered & Torn
53%
.5: The Gray Chapter(2014)The Devil in I
53%
Iowa(2001)The Heretic Anthem
53%
Iowa(2001)The Shape
53%
Slipknot(1999)742617000027
47%
Vol. 3: (The Subliminal Verses)(2004)Before I Forget
47%
Iowa(2001)Disasterpiece
47%
Slipknot(1999)Frail Limb Nursery
47%
Iowa(2001) | Mate. Feed. Kill. Repeat.(1996)Gently
47%
Slipknot(1999)Liberate
47%
Slipknot(1999)Purity
47%
Day of the Gusano: Live in Mexico(2017)Til We Die
47%
We Are Not Your Kind(2019)Unsainted
47%
.5: The Gray Chapter(2014)Custer
40%
Iowa(2001)Everything Ends
40%
All Hope is Gone(2008)Gematria (The Killing Name)
40%
.5: The Gray Chapter(2014)Killpop
40%
Iowa(2001)Metabolic
40%
Mate. Feed. Kill. Repeat.(1996) | Slipknot(1999)Only One
40%
.5: The Gray Chapter(2014)Sarcastrophe
40%
Iowa(2001)Skin Ticket
40%
Slipknot(1999)Surfacing
40%
Vol. 3: (The Subliminal Verses)(2004)The Blister Exists
40%
Vol. 3: (The Subliminal Verses)(2004)Vermilion
40%
Vol. 3: (The Subliminal Verses)(2004)Vermilion Pt. 2
40%
.5: The Gray Chapter(2014)AOV
33%
All Hope is Gone(2008)Dead Memories
33%
All Hope is Gone(2008)Gehenna
33%
Slipknot(Bonus)(1999)Get This
33%
Iowa(2001)I Am Hated
33%
We Are Not Your Kind(2019)Nero Forte
33%
Slipknot(1999)No Life
33%
We Are Not Your Kind(2019)Red Flag
33%
Slipknot(1999)Scissors
33%
All Hope is Gone(2008)Snuff
33%
We Are Not Your Kind(2019)Solway Firth
33%
We Are Not Your Kind(2019)Spiders
33%
.5: The Gray Chapter(2014)The Negative One
33%
Vol. 3: (The Subliminal Verses)(2004)Circle
27%
Slipknot(1999)Diluted
27%
.5: The Gray Chapter(2014)Goodbye
27%
We Are Not Your Kind(2019)Insert Coin
27%
Slipknot(Bonus)(1999)Me Inside
27%
Iowa(2001)My Plague
27%
Iowa(2001)New Abortion
27%
We Are Not Your Kind(2019)Orphan
27%
Vol. 3: (The Subliminal Verses)(2004)Prelude 3.0
27%
Slipknot(1999)Prosthetics
27%
Vol. 3: (The Subliminal Verses)(2004)Pulse of the Maggots
27%
.5: The Gray Chapter(2014)Skeptic
27%
All Hope is Gone(2008)Sulfur
27%
The End, So Far(2022)The Dying Song (Time to Sing)
27%
Vol. 3: (The Subliminal Verses)(2004)Welcome
27%
.5: The Gray Chapter(2014)XIX
27%
The End, So Far(2022)Yen
27%
The End, So Far(2022)Adderall
20%
We Are Not Your Kind(Bonus)(2019)All Out Life
20%
We Are Not Your Kind(2019)Birth of the Cruel
20%
All Hope is Gone(2008)Butcher's Hook
20%
Vol. 3: (The Subliminal Verses)(2004)Danger - Keep Away
20%
We Are Not Your Kind(2019)Death Because of Death
20%
All Hope is Gone(2008).execute.
20%
The End, So Far(2022)H377
20%
.5: The Gray Chapter(2014)Lech
20%
We Are Not Your Kind(2019)My Pain
20%
Vol. 3: (The Subliminal Verses)(2004)Opium of the People
20%
The End, So Far(2022)The Chapeltown Rag
20%
Vol. 3: (The Subliminal Verses)(2004)The Virus of Life
20%
Vol. 3: (The Subliminal Verses)(2004)Three Nil
20%
We Are Not Your Kind(2019)A Liar's Funeral
13%
.5: The Gray Chapter(2014)Be Prepared for Hell
13%
All Hope is Gone(Bonus)(2008)Child of Burning Time
13%
We Are Not Your Kind(2019)Critical Darling
13%
The End, So Far(2022)De Sade
13%
Vol. 3: (The Subliminal Verses)(Bonus)(2004)Don't Get Close
13%
9.0: Live(2005)Drum Solo
13%
The End, So Far(2022)Finale
13%
The End, So Far(2022)Heirloom
13%
The End, So Far(2022)Hivemind
13%
.5: The Gray Chapter(2014)If Rain is What You Want
13%
Slipknot(Bonus)(1999)Interloper
13%
Mate. Feed. Kill. Repeat.(1996)Killers Are Quiet
13%
The End, So Far(2022)Medicine for the Dead
13%
.5: The Gray Chapter(Bonus)(2014)Override
13%
Vol. 3: (The Subliminal Verses)(Bonus)(2004)Scream
13%
.5: The Gray Chapter(Bonus)(2014)-Talk-
13%
Vol. 3: (The Subliminal Verses)(2004)The Nameless
13%
.5: The Gray Chapter(2014)The One That Kills the Least
13%
All Hope is Gone(2008)This Cold Black
13%
All Hope is Gone(2008)Vendetta
13%
The End, So Far(2022)Warranty
13%
We Are Not Your Kind(2019)What's Next
13%
All Hope is Gone(2008)Wherein Lies Continue
13%
The End, So Far(2022)Adicic
7%
Mate. Feed. Kill. Repeat.(1996)Confessions
7%
Mate. Feed. Kill. Repeat.(Hidden)(1996)Dogfish Rising
7%
Mate. Feed. Kill. Repeat.(1996)Do Nothing/Bitchslap
7%
.5: The Gray Chapter(Bonus)(2014)-Funny-
7%
.5: The Gray Chapter(2014)Nomadiac
7%
We Are Not Your Kind(2019)Not Long for the World
7%
.5: The Gray Chapter(Bonus)(2014)-Silent-
7%
Mate. Feed. Kill. Repeat.(1996)Some Feel
7%
.5: The Gray Chapter(Bonus)(2014)The Burden
7%

Score Distribution

Percentile by Number Answered

Percent of People with Each Score

Your Score History

You have not taken this quiz since the last reset